| 000 | 00586nam a2200169Ia 4500 | ||
|---|---|---|---|
| 999 |
_c20549 _d20549 |
||
| 003 | OSt | ||
| 005 | 20201113093450.0 | ||
| 008 | 190216s9999||||xx |||||||||||||| ||und|| | ||
| 040 | _coclc | ||
| 082 |
_a820.99171241 _bTRI/I |
||
| 100 |
_aTrivedi, Harish _96011 |
||
| 245 | 0 |
_aInterrogating Post-Colonialism Theory,Text And Context / _cHarish Trivedi ; Meenakshi Mukherjee |
|
| 260 |
_bIndian Institute Of Advanced Study rashtrapati nivas , _c1996. _aShimla: |
||
| 300 | _a252p | ||
| 650 | _aHistory | ||
| 942 |
_cBK _2ddc _h820.99171241 _iTRI/I _k820.99171241 _mTRI/I |
||